00408nam a2200157Ia 450000500170000000800410001704000190005804100120007708200150008910000180010424500570012226000300017930000110020965000200022085000100024020250114112700.0131103s9999 xx 000 0 und d aLoreto College aEnglish a900/NbKIN aKincard, C.A. aShivajib the story of the great king cC.A. Kincard aCalcuttabMacmillanc1946 a111p.  aHistory - India aLCBED